Spell the Marvel Character #195 - Statistics

General Stats
  • This quiz has been taken 23 times
  • The average score is 12 of 15
Answer Stats
Picture Answer % Correct
Ant-Man
100%
Captain America
100%
Iron Man
100%
Nick Fury
100%
Thor
100%
Iron Fist
85%
Namor the Sub-Mariner
85%
Throg
80%
Angel
75%
Armor
70%
Banshee
70%
Captain Britain
70%
Invisible Woman
70%
Rage
50%
Phastos
40%
No matching quizzes found
Score Distribution
Percent of People with Each Score
Percentile by Number Answered
Your Score History
You have not taken this quiz